000 00614nam a2200205Ii 4500
003 JO-AjNU
008 230606s9999||||xx |||||||||||||| ||und||
020 _a0-89822-020-3
040 _aJO-AjNU
_beng
_erda
_cJO-AjNU
041 _aeng
050 1 4 _aPN1995.F68 1983
100 3 _aFrampton , Hollis ,
_eauthor
_95512
245 0 0 _aCircles of Confusion: Film . Photography. Video texts 1968-1980
264 3 1 _aNew York:Rochester ,1983
300 _a199p
336 _atext
_btxt
_2rdacontent
337 _aunmediated
_bn
_2rdamedia
338 _avolume
_bnc
_2rdacarrier
650 4 _aCircles of confusion
_95513
999 _aE2851
_c2849
_d2849